Tramas, libros, nombres : (Record no. 124848)

MARC details
000 -LEADER
campo de control de longitud fija 01288nam a22002177a 4500
003 - IDENTIFICADOR DE NÚMERO DE CONTROL
campo de control BJBSDDR
005 - FECHA Y HORA DE LA ÚLTIMA TRANSACCIÓN
campo de control 20250820101956.0
007 - CAMPO FIJO DE DESCRIPCIÓN FÍSICA--INFORMACIÓN GENERAL
campo de control de longitud fija ta
008 - DATOS DE LONGITUD FIJA--INFORMACIÓN GENERAL
campo de control de longitud fija 250820s2005 sp ||||| |||| 00| 0 spa d
020 ## - NÚMERO INTERNACIONAL ESTÁNDAR DEL LIBRO
Número Internacional Estándar del Libro 9788433962287
020 ## - NÚMERO INTERNACIONAL ESTÁNDAR DEL LIBRO
Número Internacional Estándar del Libro 8433962280
040 ## - FUENTE DE CATALOGACIÓN
Lengua de catalogación spa
Centro/agencia transcriptor BJBSDDR
041 ## - CÓDIGO DE IDIOMA
Código de lengua del texto/banda sonora o título independiente spa
050 ## - SIGNATURA TOPOGRÁFICA DE LA BIBLIOTECA DEL CONGRESO
Número de ítem M225t 2005
100 ## - ENTRADA PRINCIPAL--NOMBRE DE PERSONA
Nombre de persona Mainer, José-Carlos,
Fechas asociadas al nombre 1944-
9 (RLIN) 34155
245 10 - MENCIÓN DEL TÍTULO
Título Tramas, libros, nombres :
Resto del título para entender la literatura española, 1944-2000/
Mención de responsabilidad, etc. José Carlos Mainer
260 ## - PUBLICACIÓN, DISTRIBUCIÓN, ETC.
Lugar de publicación, distribución, etc. Barcelona :
Nombre del editor, distribuidor, etc. Anagrama,
Fecha de publicación, distribución, etc. 2005
300 ## - DESCRIPCIÓN FÍSICA
Extensión 356 pages ;
Otras características físicas 22 cm.
520 ## - RESUMEN, ETC.
Sumario, etc. CONTENIDO: Por ejemplo, 1944. Un año de literatura - 1952: en el cincuentenario de una quinta - El otoño del miedo: la imagen fílmica y literaria de la decadencia de Franco - El peso de la memoria o la imposibilidad del heroísmo en el fin de siglo - Síntomas de solidaridad: una lectura conjunta de los bravos y el jarama - Identidad y desencanto en tres novelas - La razón desesperada - Ensayos, dietarios, relatos en el telar: la novela a noticia - Algunos poetas en el campus - Introducción al realismo de Álvaro Pombo - El orden patriarcal, el orden del mundo: motivos en la obra de Juan José Millás - Ignacio Martínez de Pisón: contando el fin de los buenos tiempos
942 ## - ELEMENTOS DE ENTRADA SECUNDARIOS (KOHA)
Fuente del sistema de clasificación o colocación Clasificación de Library of Congress
Suprimir en OPAC No
Tipo de ítem Koha Libro
Holdings
Estatus retirado Estado de pérdida Fuente del sistema de clasificación o colocación Estado de daño No para préstamo Colección Biblioteca de origen Biblioteca actual Ubicación en estantería Fecha de adquisición Signatura topográfica completa Código de barras Visto por última vez Copia número Tipo de ítem Koha
    Clasificación de Library of Congress     Automatización y Procesos Técnicos Biblioteca Juan Bosch Biblioteca Juan Bosch Automatización y Procesos Técnicos (1er. Piso) 20/08/2025 M225t 2005 00000195009 20/08/2025 1 Libro